Bulletin of the British Mycological Society.

Bibliographic Details
New Title:Mycologist
Corporate Author: British Mycological Society
Format: Journal
Language:English
Published: [London] : British Mycological Society, [1967]-
Subjects:
Online Availability: Check for online availability

MARC

Tag First Indicator Second Indicator Subfields
LEADER 00000cas a2200000 a 4500
001 in00000613021
005 20151015052354.0
008 750609d19671986enkfr p 0 a0eng
010 |a sn 84009245  
016 7 |a B40280000  |2 DNLM 
016 7 |a 7503433  |2 DNLM 
019 |a 1105242 
022 |a 0007-1528  |2 z 
029 1 |a NLM  |b 7503433 
029 1 |a NLGGC  |b 862111064 
029 1 |a NZ1  |b 3134863 
029 1 |a AU@  |b 000000925727 
029 1 |a NLGGC  |b 321443446 
030 |a BMYBAG 
035 |a (OCoLC)ocm01380549 
035 |a (OCoLC)1380549  |z (OCoLC)1105242 
040 |a NLM  |c NLM  |d NSD  |d DLC  |d OCL  |d RCS  |d NSD  |d AIP  |d OCL  |d NYG  |d DLC  |d HUL  |d NST  |d DLC  |d NST  |d IUL  |d NST  |d AGL  |d NST  |d OCL  |d OCLCQ  |d LVB  |d TXA  |d UtOrBLW 
042 |a nsdp  |a lcd 
049 |a TXAM 
050 4 |a QK600  |b .B8 
060 0 0 |a W1  |b BU844H 
070 0 |a QK600  |b .B7 
210 0 |a Bull. Br. Mycol. Soc. 
222 0 |a Bulletin of the British Mycological Society 
245 0 0 |a Bulletin of the British Mycological Society. 
264 1 |a [London] :  |b British Mycological Society,  |c [1967]- 
264 4 |c ©1986 
300 |a 20 volumes :  |b illustrations ;  |c 22 cm. 
310 |a Semiannual 
336 |a text  |b txt  |2 rdacontent 
337 |a unmediated  |b n  |2 rdamedia 
338 |a volume  |b nc  |2 rdacarrier 
362 0 |a Vol. 1, pt. 1 (Mar. 1967)-v. 20, pt. 2 (Oct. 1986). 
650 0 |a Mycology  |v Periodicals. 
650 0 |a Fungi  |v Periodicals. 
610 2 0 |a British Mycological Society  |v Periodicals. 
650 2 |a Fungi  |v Periodicals. 
610 2 6 |a British Mycological Society. 
650 6 |a Mycologie  |v Périodiques. 
710 2 |a British Mycological Society. 
776 0 8 |i Also available online:  |t Bulletin of the British Mycological Society (Online)  |w (DLC) 2009263429  |w (OCoLC)320937934 
785 0 0 |t Mycologist  |x 0269-915X  |w (DLC) 87643365  |w (OCoLC)15186143 
850 |a CU-I  |a CU-RivA  |a CaMWUC  |a CaNSHD  |a CaQMaC  |a CoU  |a CtY-KS  |a ICRL  |a IaAS  |a InU  |a KyU  |a LU  |a MH-F  |a MdU  |a N  |a NBuU-SE  |a NcD  |a NcRS  |a OU  |a OrU-S  |a PPD 
994 |a C0  |b TXA 
949 |a updated  |b h  |c 2009/11/16  |e spoltoratski  |f 10:09:12 am 
999 |a MARS 
999 f f |s 08e170d7-2caf-3563-b08e-04f2b7b82271  |i 41cc0422-a07f-31f0-afa3-dcc13757bf90  |t 0 
952 f f |p ric  |a Texas A&M University  |b Rellis Campus  |c Joint Library Facility  |d Remote Storage  |t 0  |e QK600 .B8  |h Library of Congress classification  |i unmediated -- volume  |k v.18-20  |l 1984-1986  |m A14811337996 
952 f f |p ric  |a Texas A&M University  |b Rellis Campus  |c Joint Library Facility  |d Remote Storage  |t 0  |e QK600 .B8  |h Library of Congress classification  |i unmediated -- volume  |k v.15-17  |l 1980-1983  |m A14838887221 
952 f f |p ric  |a Texas A&M University  |b Rellis Campus  |c Joint Library Facility  |d Remote Storage  |t 0  |e QK600 .B8  |h Library of Congress classification  |i unmediated -- volume  |k v.12-14  |l 1978-1980  |m A14838887263 
998 f f |a QK600 .B8  |s v.12-20 (1978-1986)  |t 0  |l Remote Storage